| 000 | 003630000a22000970004500 | ||
|---|---|---|---|
| 100 | 1 | _aPretiz, Paul E. | |
| 245 | 1 | 0 | _aThe family matters : A child can be taught the Gospel, but unless the chid's family is restored, much of that Gospel seed can be lost |
| 300 | _aVol. 74, Num 2 (Abril-Junio, 1994), Páginas 6-8 | ||
| 773 | 0 | _tLatin America Evangelist | |
| 942 | _cANA | ||
| 999 |
_c54813 _d54813 |
||